Statistics for Countries by Press Freedom with Exceptions

Click here to take the quiz!

General Stats

  • This quiz has been taken 76 times
  • The average score is 13 of 20

Answer Stats

ScoreContinentCountry% Correct
23.85North AmericaUnited States
99%
20.21OceaniaAustralia
96%
15.29North AmericaCanada
96%
10.69OceaniaNew Zealand
94%
22.41AfricaSouth Africa
82%
23.70AsiaSouth Korea
75%
15.79South AmericaUruguay
75%
10.53North AmericaCosta Rica
70%
10.51North AmericaJamaica
70%
17.50South AmericaSuriname
70%
23.93OceaniaPapua New Guinea
68%
18.25OceaniaSamoa
65%
23.22North AmericaTrinidad and Tobago
65%
23.76AsiaTaiwan
63%
23.56AfricaBotswana
56%
19.25AfricaNamibia
55%
20.15AfricaCape Verde
48%
22.26AfricaGhana
35%
20.45AsiaCyprus
34%
23.47AfricaBurkina Faso
17%

Score Distribution

Percentile by Number Answered

Percent of People with Each Score

Your Score History

You have not taken this quiz